Jazierko pre žaby ničia vandali. Ohradia ho

Bibliographic Details
Corporate Author: Tlačová agentúra Slovenskej republiky (Author)
Format: Article
Language:Slovak
PhysicalDescription:Fotografia
ISSN:2585-7355
Subjects:
Online Access:https://kosice.korzar.sme.sk/c/23190322/jazierko-pre-zaby-v-mestskom-parku-nicia-vandali-opravy-rusia-zubrienky-ohradia-ho.html

MARC

LEADER 00000nab a2200000u 4500
001 vtls012234685
003 SK-MaSNL
005 20260303182004.0
008 230711|20230706xo ||||||| || ||slo|
038 |a KEVKJB 
040 |a KEVKJB  |b slo  |e rda 
041 0 |a slo 
043 |a e-xo--- 
044 |a xo  |c SK 
072 7 |a 712  |x Plánovanie krajiny. Parky. Záhrady  |2 konspekt 
080 |a 712.253  |2 2011 
110 2 |a Tlačová agentúra Slovenskej republiky  |4 aut  |9 177619 
245 0 0 |a Jazierko pre žaby ničia vandali. Ohradia ho  |c [autor] (tasr) 
300 |b Fotografia 
336 |a text  |b txt  |2 rdacontent 
337 |a bez média  |b n  |2 rdamedia 
338 |a zväzok  |b nc  |2 rdacarrier 
610 2 7 |a Správa mestskej zelene (Košice, Slovensko)  |2 kevkjb  |9 877583 
650 0 7 |a jazierka  |2 kevkjb  |9 886638 
650 0 7 |a vandalizmus  |2 kevkjb  |9 396938 
651 7 |a Košice (Slovensko)  |2 SNKPHgeo  |9 18694 
651 7 |a Mestský park (Košice, Slovensko)  |2 kevkjb  |9 873312 
773 0 |t Korzár  |g Roč. XXVI., č. 128 (6.7.2023), s. 11  |x 2585-7355 
852 |a KEVKJB  |b KIS3GCP 
856 4 1 |u https://kosice.korzar.sme.sk/c/23190322/jazierko-pre-zaby-v-mestskom-parku-nicia-vandali-opravy-rusia-zubrienky-ohradia-ho.html 
999 |c 2115017  |d 2116947